[Event "DEN-ch Seniors 2018"]
[Site "Hvidovre"]
[Date "2018.02.13"]
[Round "2"]
[White "Stentebjerg-Hansen, Per"]
[Black "Lindestrom, Torsten"]
[Result "0-1"]
[WhiteElo "2261"]
[BlackElo "2194"]
[Annotator "TA"]
[PlyCount "26"]
[EventDate "2018.??.??"]
[EventType "tourn"]
[EventCountry "DEN"]
[SourceTitle "playchess.com"]
[Source "ChessBase"]
[SourceQuality "1"]

{[%evp 9,26,-4,16,4,0,0,2,1,93,85,94,35,37,31,45,38,32,35,33]} 1. d4 f5 2. Nc3 d5 3. Bg5 c6 4. Qd2 Nf6 5. f3 h6 (5... Be6 6. e4 dxe4 7. fxe4 fxe4 8. Nge2 Nbd7 9. Ng3 h6 10. Bf4 g5 11. Be3 Bd5 12. Be2 {½-½ (45) Schenk,A (2491)-Motylev,A (2682) Germany 2014}) 6. Bh4 {A80: Dutch Defence: Unusual White second moves} e6 $146 ({Predecessor:} 6... g5 7. Bf2 Be6 8. h4 g4 9. e3 Bf7 10. Bd3 e6 11. e4 fxe4 12. fxe4 {½-½ (51) Zujev,O (2296)-Kukula,P (2211) Warsaw 2015}) 7. e3 Bb4 8. a3 {The position is equal.} Ne4 (8... Be7 $11) 9. Bxd8 $16 Nxd2 10. Kxd2 (10. axb4 $16 Nxf1 11. Kxf1 Kxd8 12. Nge2) 10... Bxc3+ $1 $14 {White is slightly better.} 11. Kxc3 {[#] aiming for Bc7.} Kxd8 12. Nh3 Nd7 13. Nf4 Re8 {[%mdl 32768] Loss on Time!?} 0-1

[Event "DEN-ch Seniors 2018"]
[Site "Hvidovre"]
[Date "2018.02.13"]
[Round "2"]
[White "Hartung-Nielsen, Jens"]
[Black "Sorensen, Flemming Louv"]
[Result "1-0"]
[WhiteElo "2217"]
[BlackElo "1996"]
[Annotator "TA"]
[PlyCount "81"]
[EventDate "2018.??.??"]
[EventType "tourn"]
[EventCountry "DEN"]
[SourceTitle "playchess.com"]
[Source "ChessBase"]
[SourceQuality "1"]

{[%evp 14,81,-13,-50,24,16,31,-22,31,14,107,15,123,93,101,29,23,32,22,0,29,27,18,14,149,0,0,0,54,63,47,47,68,48,52,47,53,17,34,21,56,43,44,9,31,26,22,14,72,74,72,67,74,66,154,154,146,146,146,150,189,188,220,216,258,205,234,246,908,897]} 1. e4 e6 2. d4 d5 3. Nc3 Bb4 4. Nge2 dxe4 5. a3 Be7 6. Nxe4 Nf6 7. N2c3 O-O 8. Be3 {LiveBook: 3 Games} Nbd7 {C15: French: 3 Nc3 Bb4: Unusual White 4th moves} (8... Nxe4 $15 9. Nxe4 f5) (8... Nc6 9. Bb5 Nxe4 10. Nxe4 f5 11. Bxc6 bxc6 12. Nc3 f4 13. Bd2 Qxd4 14. Qe2 Rb8 15. Nd1 Rf5 16. Bc3 {0-1 (30) Jones,G (2650)-Puranik,A (2475) Warsaw 2016}) 9. Qf3 c6 $146 ({Find the theoretical novelty and annotate with similar games:} 9... Nxe4 10. Qxe4 Nf6 11. Qf3 Nd5 12. Nxd5 Qxd5 13. Qxd5 {½-½ (13) Rodriguez Garcia,A (1957)-Martin Ojeda,J (2248) Agaete 2013}) 10. O-O-O (10. Nxf6+ $14 Nxf6 11. Bd3) 10... Qa5 (10... Nd5 $11) 11. Bd3 e5 (11... Nd5 $11) 12. Qg3 (12. Kb1 $16) 12... exd4 (12... Nh5 $1 $11 13. Qf3 exd4 14. Bxd4 Ne5) 13. Bxd4 $16 Nh5 14. Qf3 (14. Qe3 $1 $16) 14... Ne5 $11 15. Bxe5 Qxe5 16. Kb1 Nf4 17. Bc4 b5 18. Bb3 Ne6 {[#]} (18... Qc7 $11) 19. Qg3 (19. Nd6 $1 $16 {[%mdl 512]}) 19... Qxg3 20. hxg3 Nc5 ({Better is} 20... a5 $11) 21. Nxc5 $14 Bxc5 22. Ne4 Be7 23. Nd6 Be6 24. Bxe6 fxe6 25. Ne4 (25. f3 {NOTEXT} Rfd8 26. Nb7 Rd5 27. Na5 Rc8 28. c4) 25... Rad8 26. g4 (26. f3 {NOTEXT} h6 27. g4 Kf7 28. c4 a5 29. Rhe1) 26... Rxd1+ 27. Rxd1 $11 {[%mdl 4096] Endgame And now Rd7 would win. KRB-KRN} Rd8 28. Re1 Kf7 29. f3 Rd5 30. Rc1 b4 (30... h6 $11 {remains equal.}) 31. axb4 $16 Bxb4 32. c3 Be7 33. Kc2 h6 ({Black should play} 33... h5 $14) 34. Ra1 Rd7 35. Ra6 Rc7 36. Kd3 c5 37. Kc4 Rb7 38. b3 ({Inferior is} 38. Nxc5 Bxc5 39. Kxc5 Rxb2 $14) 38... Rd7 39. Ra1 Rb7 40. Ra5 ({Not} 40. Nxc5 Bxc5 41. Kxc5 Rxb3 $16) 40... Bd8 $2 (40... g6 41. Nxc5 Rc7) 41. Nd6+ {Precision: White = 36%, Black = 20%.} 1-0

[Event "DEN-ch Seniors 2018"]
[Site "Hvidovre"]
[Date "2018.02.13"]
[Round "2"]
[White "Lilja, Richard"]
[Black "Matras, Ove"]
[Result "1-0"]
[WhiteElo "2086"]
[BlackElo "1781"]
[Annotator "NA RC"]
[PlyCount "60"]
[EventDate "2018.??.??"]
[EventType "tourn"]
[EventCountry "DEN"]
[SourceTitle "playchess.com"]
[Source "ChessBase"]
[SourceQuality "1"]
[TimeControl "40/5400+30:1800+30"]

1. e4 {[%emt 0:00:00]} c6 {[%emt 0:00:42]} 2. d3 {[%emt 0:00:00]} g6 {[%emt 0:02:17]} 3. g3 {[%emt 0:06:34]} Bg7 {[%emt 0:00:27]} 4. Bg2 {[%emt 0:00:23]} d5 {[%emt 0:01:39]} 5. Nd2 {[%emt 0:00:32]} e5 {[%emt 0:02:01]} 6. Ngf3 {[%emt 0:01:02]} Nd7 {[%emt 0:00:59]} 7. O-O {[%emt 0:00:56]} Ne7 {[%emt 0:03:04]} 8. Re1 {[%emt 0:04:14]} O-O {[%emt 0:01:08]} 9. Nf1 {[%emt 0:03:36]} d4 {[%emt 0:02:56]} 10. h4 {[%emt 0:10:56]} Re8 {[%emt 0:02:09]} 11. N1h2 {[%emt 0:04:58]} f5 {[%emt 0:08:18]} 12. exf5 {[%emt 0:00:17]} gxf5 {[%emt 0:00:08]} 13. c3 {[%emt 0:02:29]} dxc3 {[%emt 0:05:16]} 14. Qb3+ {[%emt 0:06:13]} Nd5 {[%emt 0:00:59]} 15. bxc3 {[%emt 0:01:21]} Qb6 {[%emt 0:00:51]} 16. Qc2 {[%emt 0:04:01]} Nf8 {[%emt 0:03:49]} 17. Rb1 {[%emt 0:02:10]} Qc7 {[%emt 0:05:11]} 18. Qb3 {[%emt 0:08:15]} h6 {[%emt 0:00:43]} 19. c4 {[%emt 0:02:52]} Nf6 {[%emt 0:00:51]} 20. Bb2 {[%emt 0:00:50]} N8d7 {[%emt 0:03:12]} 21. Bh3 {[%emt 0:04:15]} Nc5 {[%emt 0:04:07]} 22. Qa3 {[%emt 0:00:59]} Nxd3 {[%emt 0:05:59]} 23. Qxd3 {[%emt 0:03:02]} e4 {[%emt 0:00:31]} 24. Qd2 {[%emt 0:15:10]} exf3 {[%emt 0:04:28]} 25. Bxf6 {[%emt 0:00:06]} Rxe1+ {[%emt 0:02:09]} 26. Rxe1 {[%emt 0:00:14]} Bxf6 {[%emt 0:00:32]} 27. Qxh6 {[%emt 0:00:22]} Qf7 {[%emt 0:00:31]} 28. Nxf3 {[%emt 0:00:43]} Be6 {[%emt 0:03:43]} 29. Ng5 {[%emt 0:00:27]} Bxg5 {[%emt 0:00:32]} 30. Qxg5+ {[%emt 0:04:38]} Kf8 1-0

[Event "DEN-ch Seniors 2018"]
[Site "Hvidovre"]
[Date "2018.02.13"]
[Round "2"]
[White "Hvenekilde, Jorgen"]
[Black "Nielsen, Carsten Juul"]
[Result "1/2-1/2"]
[WhiteElo "2044"]
[BlackElo "1891"]
[Annotator "NA RC"]
[PlyCount "41"]
[EventDate "2018.??.??"]
[EventType "tourn"]
[EventCountry "DEN"]
[SourceTitle "playchess.com"]
[Source "ChessBase"]
[SourceQuality "1"]
[TimeControl "40/5400+30:1800+30"]

1. e4 e5 2. Nf3 Nc6 3. Bc4 Nf6 4. d4 exd4 5. O-O d6 6. Nxd4 Nxd4 7. Qxd4 Be7 8. Nc3 O-O 9. h3 c6 10. a4 Qb6 11. Qd3 Nd7 12. a5 Qc5 13. Be3 Qh5 14. f4 Nc5 15. Qe2 Qxe2 16. Bxe2 Ne6 17. Rad1 f5 18. exf5 Rxf5 19. g4 Rf8 20. f5 Nd8 21. Ne4 1/2-1/2

[Event "DEN-ch Seniors 2018"]
[Site "Hvidovre"]
[Date "2018.02.13"]
[Round "2"]
[White "Morkore, Thomas"]
[Black "Larsen, Peter"]
[Result "0-1"]
[WhiteElo "1910"]
[BlackElo "2268"]
[Annotator "TA"]
[PlyCount "62"]
[EventDate "2018.??.??"]
[EventType "tourn"]
[EventCountry "DEN"]
[SourceTitle "playchess.com"]
[Source "ChessBase"]
[SourceQuality "1"]

{[%evp 17,62,-3,19,19,19,19,29,29,42,34,43,0,14,-35,-41,-45,-8,-8,56,54,65,10,12,3,22,0,32,-27,22,0,0,-14,30,8,23,23,45,-75,-75,-75,-72,-65,-71,-492,-489,-723,-718]} 1. Nf3 g6 2. c4 Bg7 3. g3 e5 4. Nc3 Nc6 5. Bg2 f5 6. O-O d6 7. d3 Nf6 8. Rb1 O-O 9. b4 Qe8 {LiveBook: 6 Games} 10. Nd5 $146 {A26: English Opening vs King's Indian with ...Nc6 and d3} ({Find the theoretical novelty and annotate with similar games:} 10. b5 Nd8 11. a4 a6 12. Nd5 Nxd5 13. cxd5 axb5 14. axb5 b6 15. Qc2 Qd7 16. Bb2 h6 17. Rfc1 Rf7 {½-½ (61) Mirumian,V (2513)-Janczarski,M (2296) Ostrava 2011}) 10... Nxd5 11. cxd5 Nd8 12. Qc2 {White has an edge.} Rf7 13. Bd2 h6 14. b5 g5 15. Ba5 b6 16. Bc3 Bf6 17. a4 a5 (17... a6 $11) 18. Nd2 $14 Rg7 19. Qb2 (19. e3 $14) 19... Qg6 20. e3 {next f4 is good for White.} g4 21. e4 Nf7 22. Rbc1 (22. Kh1 $14) 22... Bg5 23. Rc2 f4 24. Rd1 Bb7 25. d4 f3 26. Bf1 Re8 27. Bd3 {[#]} (27. Nc4 $14 {keeps the upper hand.}) 27... Bxd5 $1 $17 {[%mdl 512]} 28. dxe5 (28. exd5 Qxd3) 28... Nxe5 29. Bxe5 Rxe5 30. Nxf3 $2 {[%mdl 8192]} (30. Nc4 $17 {is a better chance.} Bxc4 31. Rxc4) 30... gxf3 $19 31. exd5 {[#]} (31. Rc3 $142 Bxe4 32. Bxe4 Rxe4 33. Rxf3) 31... Qxd3 $1 {[%mdl 512] Precision: White = 26%, Black = 44%.} 0-1

[Event "DEN-ch Seniors 2018"]
[Site "Hvidovre"]
[Date "2018.02.13"]
[Round "2"]
[White "Strachan, Christian C."]
[Black "Rosenlund, Thorbjorn"]
[Result "1-0"]
[WhiteElo "1874"]
[BlackElo "2245"]
[Annotator "TA"]
[PlyCount "86"]
[EventDate "2018.??.??"]
[EventType "tourn"]
[EventCountry "DEN"]
[SourceTitle "playchess.com"]
[Source "ChessBase"]
[SourceQuality "1"]

{[%evp 16,86,55,56,68,68,68,68,68,67,67,65,77,70,117,86,92,85,92,46,42,37,27,7,56,4,15,-10,8,16,25,5,16,-13,0,0,-14,-52,13,-28,2,-111,-76,-125,-57,-164,-137,-137,-135,-149,-137,-138,-133,-169,-170,-164,-137,-811,-813,-805,-760,-1499,-1449,-1289,-1164,-2127,-2300,-2177,-2075,-29982,-29983,-29988,-29989]} 1. e4 c6 2. d4 d5 3. e5 c5 4. dxc5 Nc6 5. Nf3 Bg4 6. c3 {B12: Caro-Kann: Advance Variation} e6 7. Be3 (7. b4 a6 8. Nbd2 Nxe5 9. Qa4+ Nd7 10. Ne5 Ngf6 11. c4 a5 12. Nb3 axb4 13. Qb5 Be7 {0-1 (53) Topalov,V (2760)-Nakamura,H (2779) London 2016}) 7... Nge7 8. Bb5 Qc7 9. Nbd2 {LiveBook: 5 Games} Ng6 10. Qa4 Bxf3 $1 11. Nxf3 ({Much worse is} 11. gxf3 Ngxe5 12. Rg1 g6 $11) 11... Be7 12. O-O O-O 13. Bxc6 bxc6 {[#]} 14. Bd4 $146 f6 {[%cal Rf6e5]} 15. Rae1 {Hoping for exf6.} f5 16. Qc2 Rfb8 17. a4 a5 18. Rb1 Qa7 19. Rfe1 Nf8 20. Qd2 ({White should play} 20. b4 $14) 20... Bxc5 $11 21. Qe3 Bxd4 22. Nxd4 Qd7 23. f4 Ra6 24. Qf2 Qe7 25. Qe2 Rab6 26. Kh1 Kh8 (26... c5 $15 27. Nb5 c4) 27. Qd2 Nd7 (27... c5 $5 {[%cal Rc5d4]} 28. Nb5 c4 $11) 28. Qe2 (28. b4 $11 {keeps the balance.}) 28... Nc5 29. Qc2 Ne4 (29... Nb3 $17 30. Nb5 cxb5 31. Qxb3 Qc5) 30. g3 (30. b4 $1 $15) 30... c5 31. Nb5 g5 {[%cal Bg7g5,Bg5g4][%mdl 32]} 32. Rg1 g4 33. Rg2 Kg7 34. Rd1 h5 {[%cal Bh7h5,Bh5h4,Bh4h3][%mdl 32]} 35. Kg1 h4 36. Qe2 $2 {[%mdl 8192]} (36. c4 $17 d4 37. Re1) 36... h3 $19 37. Rf2 Nxf2 38. Qxf2 Rxb5 39. axb5 Rxb5 {KQR-KQR} 40. Kf1 Qb7 41. Rd2 a4 42. Ke1 {[#]} a3 $1 {[%mdl 512]} 43. bxa3 {[#]} d4 $1 {[%mdl 33280] Precision: White = 25%, Black = 60%. . Loss on Time!?} 1-0

[Event "DEN-ch Seniors 2018"]
[Site "Hvidovre"]
[Date "2018.02.13"]
[Round "2"]
[White "Marshall, Michael"]
[Black "Petersen, Peter Birk"]
[Result "1/2-1/2"]
[WhiteElo "1826"]
[BlackElo "2130"]
[Annotator "TA"]
[PlyCount "70"]
[EventDate "2018.??.??"]
[EventType "tourn"]
[EventCountry "DEN"]
[SourceTitle "playchess.com"]
[Source "ChessBase"]
[SourceQuality "1"]

{[%evp 23,70,17,25,4,91,0,45,0,3,-23,22,13,77,60,100,58,70,58,51,37,185,56,56,21,112,115,124,137,212,228,207,159,280,88,144,135,176,179,228,121,127,27,30,0,16,13,92,97,1160]} 1. c4 e5 2. g3 Nc6 3. Bg2 g6 4. Nc3 Bg7 5. e4 d6 6. Nge2 f5 7. d3 Nf6 8. O-O O-O 9. Nd5 Ne7 10. Nxf6+ Bxf6 {A26: English Opening vs King's Indian with ...Nc6 and d3} 11. Bh6 Rf7 12. Qd2 Be6 {LiveBook: 4 Games. The position is equal.} (12... c6 13. d4 fxe4 14. Bxe4 Bg4 15. dxe5 Bxe5 16. Nc3 Nf5 17. Bxf5 Bxf5 18. Rfe1 Qf6 19. Bg5 Qg7 20. Bh6 Qf6 21. Bg5 Qg7 22. Bh6 Qf6 {½-½ (22) Bai,J (2556)-Xu,X (2549) Shenzhen 2017}) 13. b3 Nc6 $146 (13... fxe4 $11 14. dxe4 Nc6) ({Predecessor:} 13... fxe4 14. dxe4 Qd7 15. Rac1 Nc6 16. f4 Bg7 17. Bxg7 Kxg7 18. Rf2 Raf8 19. Rcf1 h6 20. Qc3 b6 21. f5 gxf5 22. Nf4 fxe4 23. Bxe4 Nd4 24. Qe3 {½-½ (24) Loeschnauer,R (2443)-Douglas,S (2400) ICCF email 2010}) 14. Rae1 ({White should try} 14. exf5 $1 $16 gxf5 15. d4 $1 {[%mdl 512]} Nxd4 16. Nxd4 exd4 17. Bxb7) 14... Qd7 15. Rc1 (15. d4 $5 exd4 16. Nf4 $11) 15... Re8 16. Rfe1 Bh8 17. b4 Nd8 (17... f4 $11 {keeps the balance.} 18. f3 (18. gxf4 exf4 19. Nxf4 Nd4 $14) 18... fxg3) 18. d4 $16 {Threatens to win with d5.} fxe4 19. Bxe4 Bg4 20. dxe5 Rxe5 21. Bd5 Bf3 (21... Ne6 $14) 22. Bxf3 ({White must play} 22. Bxf7+ $18 Nxf7 23. Nd4 Rxe1+ 24. Rxe1) 22... Rxf3 $14 23. Bf4 Rh5 (23... Rf5 $1 $11 {remains equal.}) 24. Nd4 $16 Bxd4 25. Qxd4 Nc6 (25... Ne6 $16 26. Qe4 Nxf4 27. Qxf3 Nh3+ 28. Kh1 Rf5 29. Qxb7 Nxf2+ 30. Kg1 Nh3+ 31. Kg2 Rf2+ 32. Kh1 Rd2) 26. Qe4 $18 Ra3 27. c5 dxc5 {[#]} (27... a6 $16) 28. bxc5 $2 ({Less strong is} 28. Rxc5 Rxc5 29. bxc5 Rd3 $16) (28. Red1 $1 $18 {[%cal Rd1d7] and the rest is easy.} Qf5 29. Qe8+ Qf8 30. Qe6+ Kh8 31. Rxc5) 28... Nd4 (28... Rd5 $142) 29. Be3 Ra4 {[%cal Ba3a4,Ba4d4,Bd4d2][%mdl 32]} 30. Qxb7 Rf5 {[#] Black wants to play ...Nf3+.} 31. Bxd4 ({White should play} 31. Bh6 $1 $18 {White threatens Qb8+ and mate.} Kf7 32. Rcd1) 31... Rxd4 $16 32. Qa8+ (32. c6 $16 Qd6 33. Qxa7) 32... Rf8 $11 33. Qb7 Rd2 34. Qb3+ Rf7 (34... Qf7 $1 $11) 35. Rcd1 Kf8 $2 {[%mdl 40960] Precision: White = 19%, Black = 10%. . An unexpected result.} (35... Qd4 $16 36. Rxd2 Qxd2) 1/2-1/2

[Event "DEN-ch Seniors 2018"]
[Site "Hvidovre"]
[Date "2018.02.13"]
[Round "2"]
[White "Jorgensen, Orla Eilegaard"]
[Black "Schultz-Pedersen, Jesper"]
[Result "0-1"]
[WhiteElo "1580"]
[BlackElo "2068"]
[Annotator "NA RC"]
[PlyCount "84"]
[EventDate "2018.??.??"]
[EventType "tourn"]
[EventCountry "DEN"]
[SourceTitle "playchess.com"]
[Source "ChessBase"]
[SourceQuality "1"]
[TimeControl "40/5400+30:1800+30"]

1. e4 {[%emt 0:01:13]} Nc6 {[%emt 0:02:46]} 2. d4 {[%emt 0:06:26]} d5 {[%emt 0:00:18]} 3. f3 {[%emt 0:03:11]} dxe4 {[%emt 0:01:27]} 4. d5 {[%emt 0:00:15]} Ne5 {[%emt 0:00:20]} 5. fxe4 {[%emt 0:04:23]} e6 {[%emt 0:00:54]} 6. Nf3 {[%emt 0:02:45]} Bb4+ {[%emt 0:09:38]} 7. c3 {[%emt 0:02:13]} Bd6 {[%emt 0:00:58]} 8. Bg5 {[%emt 0:04:50]} Nxf3+ {[%emt 0:00:25]} 9. gxf3 {[%emt 0:03:38]} Qxg5 {[%emt 0:00:17]} 10. Bb5+ {[%emt 0:00:36]} Kf8 {[%emt 0:01:58]} 11. Qd4 {[%emt 0:01:02]} Qc1+ {[%emt 0:02:35]} 12. Qd1 {[%emt 0:01:38]} Qxd1+ {[%emt 0:01:19]} 13. Kxd1 {[%emt 0:00:08]} exd5 {[%emt 0:00:56]} 14. exd5 {[%emt 0:00:21]} Nf6 {[%emt 0:00:50]} 15. Re1 {[%emt 0:00:19]} Bf5 {[%emt 0:01:18]} 16. c4 {[%emt 0:02:17]} g6 {[%emt 0:01:25]} 17. Nd2 {[%emt 0:01:13]} Kg7 {[%emt 0:00:46]} 18. Ne4 {[%emt 0:00:47]} Bxe4 {[%emt 0:02:17]} 19. fxe4 {[%emt 0:00:14]} Be5 {[%emt 0:00:12]} 20. Kc2 {[%emt 0:00:31]} Rhd8 {[%emt 0:00:58]} 21. h4 {[%emt 0:01:36]} Rab8 {[%emt 0:00:51]} 22. Rad1 {[%emt 0:00:29]} a6 {[%emt 0:01:19]} 23. Ba4 {[%emt 0:00:09]} b5 {[%emt 0:00:32]} 24. cxb5 {[%emt 0:00:14]} axb5 {[%emt 0:00:06]} 25. Bb3 {[%emt 0:00:17]} Rb6 {[%emt 0:01:25]} 26. Kb1 {[%emt 0:00:43]} Re8 {[%emt 0:02:53]} 27. Bc2 {[%emt 0:01:47]} Nd7 {[%emt 0:01:42]} 28. h5 {[%emt 0:00:31]} Rf6 {[%emt 0:05:32]} 29. Bd3 {[%emt 0:02:02]} Rb8 {[%emt 0:00:48]} 30. Re2 {[%emt 0:01:15]} Rf3 {[%emt 0:03:44]} 31. hxg6 {[%emt 0:00:54]} hxg6 {[%emt 0:00:27]} 32. Rc2 {[%emt 0:00:57]} Bd6 {[%emt 0:01:49]} 33. Rg2 {[%emt 0:01:45]} Re3 {[%emt 0:01:53]} 34. Bc2 {[%emt 0:01:18]} Rh8 {[%emt 0:01:03]} 35. Rdg1 {[%emt 0:00:47]} Rh2 {[%emt 0:00:33]} 36. Rg4 {[%emt 0:00:52]} Ree2 {[%emt 0:00:55]} 37. Rc1 {[%emt 0:02:24]} Ne5 {[%emt 0:00:24]} 38. Rgg1 {[%emt 0:00:28]} Nd3 {[%emt 0:01:29]} 39. Rcd1 {[%emt 0:00:31]} Rxc2 {[%emt 0:00:55]} 40. Rxd3 {[%emt 0:00:09]} Rxb2+ {[%emt 0:30:06]} 41. Kc1 {[%emt 0:30:43]} Bf4+ {[%emt 0:00:11]} 42. Kd1 {[%emt 0:00:17]} Rb1# {[%emt 0:00:02]} 0-1

[Event "DEN-ch Seniors 2018"]
[Site "Hvidovre"]
[Date "2018.02.14"]
[Round "3"]
[White "Larsen, Peter"]
[Black "Stentebjerg-Hansen, Per"]
[Result "0-1"]
[WhiteElo "2268"]
[BlackElo "2261"]
[Annotator "TA"]
[PlyCount "94"]
[EventDate "2018.??.??"]
[EventType "tourn"]
[EventCountry "DEN"]
[SourceTitle "playchess.com"]
[Source "ChessBase"]
[SourceQuality "1"]

{[%evp 14,94,77,48,58,18,14,10,53,42,48,65,50,49,65,27,9,0,0,0,0,0,0,0,4,8,8,8,5,0,0,-97,-85,-189,-183,-269,-197,-259,-259,-255,-229,-201,-180,-175,-173,-213,-213,-213,-211,-235,-226,-305,-293,-372,-368,-363,-355,-529,-465,-584,-558,-548,-557,-645,-647,-634,-612,-621,-619,-1058,-1030,-854,-593,-29982,-29983,-29983,-29984,-29989,-29990,-29990,-29991,-29992,-29990]} 1. e4 c6 2. Nf3 d5 3. Nc3 g6 4. d4 Bg7 5. h3 dxe4 6. Nxe4 Nf6 7. Nxf6+ Bxf6 8. Bh6 {LiveBook: 6 Games. B15: Caro-Kann: 3 Nc3: 3...g6 and 3...dxe4 4 Nxe4 Nf6 5 Nxf6+ exf6} (8. c3 O-O 9. Bh6 Bg7 10. Qd2 Qd5 11. c4 Bxh6 12. Qxh6 Qa5+ 13. Kd1 Nd7 14. Bd3 Nf6 15. Re1 Be6 16. Rxe6 fxe6 {1-0 (78) Heberla,B (2580)-Tao,T (2381) Canberra 2017}) 8... c5 9. c3 {next Bc4 is good for White.} (9. dxc5 {NOTEXT} Bxb2 10. Qxd8+ Kxd8 11. Rd1+ Kc7 12. Bc4) 9... cxd4 $1 10. Nxd4 {The position is equal.} Nc6 {[%cal Rc6d4]} 11. Nxc6 {[%csl Gc6][%cal Rd1d8]} Qxd1+ 12. Rxd1 {[%csl Gc6][%cal Rd1d8]} bxc6 13. Bc4 $146 ({Find the theoretical novelty and annotate with similar games:} 13. Be2 Bd7 14. Rd2 O-O-O 15. Bc4 Be6 16. Bxe6+ fxe6 {1-0 (45) Tseitlin,M-Podgaets,M Riga (Latvia) 1970}) 13... Rg8 14. O-O g5 15. g4 Rg6 16. f4 $1 {[%cal Rf4g5] fxg5 is the strong threat.} Rxh6 17. fxg5 Rxh3 {Threatens to win with ...Rg3+.} 18. gxf6 Rg3+ 19. Kh2 Rxg4 20. Rfe1 e6 $132 {[%mdl 2048] Black is not keeping still} 21. Re3 {aiming for Red3.} Bd7 (21... Rxc4 22. Rg3 Rh4+ 23. Kg2 Rh2+ 24. Kxh2 h6 25. Rg8#) 22. Be2 {[#]} (22. Ba6 $11 {keeps the balance.}) 22... Rg6 $1 $17 23. Red3 {[#]} (23. Rf1 $17 {was worth a try.}) 23... O-O-O $1 $19 ({Don't play} 23... Rxf6 24. Rxd7 Rf2+ 25. Kg3 $17) 24. Bf3 (24. Rg3 $142) 24... Rdg8 ({Resist} 24... Rxf6 25. Kg1 $19) 25. Be4 (25. Bh5 {keeps fighting.} Rxf6 26. Rg3 (26. Rxd7 $2 Rh6 $19) 26... Rxg3 27. Kxg3) 25... Rxf6 26. Rg3 Rxg3 27. Kxg3 {[%mdl 4096] Endgame KRB-KRB} h6 28. Rh1 Kc7 29. Rh5 Rf1 30. Rxh6 f5 31. Bc2 e5 {[%cal Be6e5,Be5e4][%mdl 32]} 32. Rh7 e4 33. Rf7 {intending Bxe4!} Rf3+ 34. Kg2 Kd6 35. Bb3 (35. Rf6+ $142 Ke7 36. Rh6) 35... Rd3 36. Rf6+ Ke5 37. Rf7 Kf4 38. Kf2 Be8 39. Rh7 Bg6 40. Rh4+ Kg5 41. Rh8 Bh5 42. Ke1 e3 43. Rg8+ Kf4 {Black mates.} 44. Rg2 Bf3 45. Bc2 Rd8 46. Rh2 Kg3 47. Rh7 Rd2 {Precision: White = 30%, Black = 89%.} 0-1

[Event "DEN-ch Seniors 2018"]
[Site "Hvidovre"]
[Date "2018.02.14"]
[Round "3"]
[White "Rosenlund, Thorbjorn"]
[Black "Hartung-Nielsen, Jens"]
[Result "0-1"]
[WhiteElo "2245"]
[BlackElo "2217"]
[Annotator "TA"]
[PlyCount "80"]
[EventDate "2018.??.??"]
[EventType "tourn"]
[EventCountry "DEN"]
[SourceTitle "playchess.com"]
[Source "ChessBase"]
[SourceQuality "1"]

{[%evp 14,80,20,21,10,19,20,19,26,11,19,18,97,35,74,70,56,66,52,26,31,26,93,16,85,0,0,0,8,12,16,0,11,0,26,16,25,13,13,0,3,0,17,21,47,47,84,89,82,0,54,-138,-139,-139,-139,-141,-139,-208,-209,-248,-248,-607,-263,-953,-293,-287,-283,-958,-953]} 1. Nf3 c5 2. c4 g6 3. g3 Bg7 4. Bg2 Nc6 5. O-O e5 6. Nc3 Nge7 7. a3 a5 8. Ne1 d6 {A37: Symmetrical English vs ...g6: 4 Bg2 Bg7 5 Nf3} 9. Nc2 Be6 (9... h5 10. h4 O-O 11. d3 Rb8 12. Rb1 Be6 13. b4 cxb4 14. axb4 d5 15. cxd5 Nxd5 16. Nxd5 Bxd5 {½-½ (107) Bocharov,D (2583)-Yu,Y (2751) Riadh 2017}) 10. Ne3 O-O {The position is equal.} 11. Ned5 Rb8 12. d3 Bxd5 (12... Bg4 $11 {keeps the balance.}) 13. Nxd5 ({Reject} 13. Bxd5 $6 Nxd5 14. cxd5 Nd4 $11) (13. cxd5 $16 Nd4 14. e3) 13... b5 $146 ({Predecessor:} 13... Nxd5 14. Bxd5 Qc7 15. Ra2 Ne7 16. Bg2 h6 17. Qa4 {1-0 (46) Kryakvin,D (2532)-Sin,D (2312) Sochi 2016}) 14. cxb5 Rxb5 15. Qa4 Qb8 16. Nxe7+ Nxe7 17. Rb1 d5 (17... Qb6 $11) 18. Qc2 (18. Bg5 $1 $16 {[%cal Rg5e7]} f6 19. Bd2) 18... Rc8 (18... Qd6 $11) 19. Bd2 (19. Bg5 $16 f6 20. Bd2) 19... c4 $11 {White must now prevent ...cxd3.} 20. Rfc1 cxd3 21. Qxd3 Rxc1+ 22. Bxc1 e4 23. Qc2 Bd4 24. e3 Bf6 25. b3 {[%cal Bb2b3,Bb3b4][%mdl 32]} Qd6 26. Bf1 Rc5 27. Qd1 Bc3 28. Bd2 Bxd2 29. Qxd2 Qc7 {[#]} 30. b4 $1 {[%cal Rb4c5]} Rc2 {[#]} 31. Qd4 ({White should try} 31. Qd1 $1 $16) 31... axb4 (31... Rxf2 $11 32. Kxf2 Qc2+ 33. Be2 Qxb1) 32. Rxb4 $2 (32. axb4 $14 {keeps the upper hand.} Ra2 33. Bh3) 32... Nc6 $36 {[%mdl 2048] White is under strong pressure.} 33. Qxd5 {Hoping for Rc4.} Nxb4 34. axb4 {[%mdl 4096] Endgame KQR-KQB} Qe7 {Strongly threatening ...Qf6.} 35. Qd1 (35. Qb3 $17 Rc1 36. Qb2) 35... Rb2 $19 36. b5 Qf6 37. Be2 $2 (37. Qe1) 37... h5 (37... Ra2 $142 {Threatens to win with ...Ra1.} 38. Kg2 Qb2 39. Qd8+ Kg7) 38. h4 $2 (38. Kf1) 38... Kg7 $2 (38... Ra2 39. Kg2 Qb2 40. Qd8+ Kg7) 39. Kf1 Ra2 40. Kg2 $2 (40. Qb3 Qa1+ 41. Qd1) 40... Qb2 {Precision: White = 30%, Black = 25%.} 0-1